Introductory Polymer Chemistry (Record no. 1855)

MARC details
000 -LEADER
Fixed length control field 00456nam a2200169 4500
003 - CONTROL NUMBER IDENTIFIER
Control field SEACOMEC
005 - DATE AND TIME OF LATEST TRANSACTION
Control field 20241203125544.0
008 - FIXED-LENGTH DATA ELEMENTS--GENERAL INFORMATION
Fixed length control field 241203b |||||||| |||| 00| 0 eng d
020 ## - INTERNATIONAL STANDARD BOOK NUMBER / ISBN
International Standard Book Number 978-8122404715
Price 175.00
040 ## - CATALOGING SOURCE
Original cataloging agency SEACOMEC
082 ## - DEWEY DECIMAL CLASSIFICATION NUMBER
Classification number 668.9
Book Number M678
100 ## - MAIN ENTRY--PERSONAL NAME
Personal name Misra, Gauri Shankar
245 ## - TITLE STATEMENT
Title Introductory Polymer Chemistry
Statement of responsibility / Gauri Shankar Misra
260 ## - IMPRINT
Place of publication New Delhi
Name of publisher New Age International,
Date of publication 2005
300 ## - PHYSICAL DESCRIPTION
Page / Vol. No 253 p
942 ## - ADDED ENTRY ELEMENTS (KOHA)
Koha item type Books
Holdings
Withdrawn status Lost status Source of classification Damaged status Not for loan Home library Current library Date acquired Total Checkouts Call number Accession number Date last seen Price effective from Koha item type Copy number
    Dewey Decimal Classification     SEACOM ENGINEERING COLLEGE SEACOM ENGINEERING COLLEGE 01/06/2006   668.9 M678 00177 03/12/2024 03/12/2024 Books  
    Dewey Decimal Classification     SEACOM ENGINEERING COLLEGE SEACOM ENGINEERING COLLEGE 01/06/2006   668.9 M678 00178 03/12/2024 03/12/2024 Books 1
    Dewey Decimal Classification     SEACOM ENGINEERING COLLEGE SEACOM ENGINEERING COLLEGE 01/06/2006   668.9 M678 00179 03/12/2024 03/12/2024 Books 2
    Dewey Decimal Classification     SEACOM ENGINEERING COLLEGE SEACOM ENGINEERING COLLEGE 01/06/2006   668.9 M678 00180 03/12/2024 03/12/2024 Books 3
    Dewey Decimal Classification     SEACOM ENGINEERING COLLEGE SEACOM ENGINEERING COLLEGE 01/06/2006   668.9 M678 00181 03/12/2024 03/12/2024 Books 4
© Seacom Engineering College, All rights reserved.      Powered by Koha